| 000 | 01426cam a2200409 i 4500 | ||
|---|---|---|---|
| 999 |
_c117273 _d117273 |
||
| 001 | 17113679 | ||
| 003 | OSt | ||
| 005 | 20200613160730.0 | ||
| 008 | 120110s2011 ii b 000 0 kan | ||
| 010 | _a 2011353503 | ||
| 020 | _a9789380994932 | ||
| 025 | _aI-Kan-2011-353503; 22-90 | ||
| 037 | _bLibrary of Congress -- New Delhi Overseas Office | ||
| 040 |
_aDLC _beng _cDLC _erda _dDLC |
||
| 042 |
_alcode _apcc |
||
| 043 | _aa-ii--- | ||
| 050 | 0 | 0 |
_aHC437.K27 _bC356 2011 |
| 082 | _a331.11423 CHA | ||
| 100 | 1 | _aCandraśēkhara, Ṭi. Ār | |
| 245 | 1 | 0 |
_aHakku-haṅgu : _bAbhivr̥ddhi adhyayana prabandhagaḷu / _cḌā. Ṭi. Ār. Candraśēkhara. |
| 264 | 1 |
_aHaṃpi : _bPrasārāṅga, Kannaḍa Viśvavidyālaya, _c2011. |
|
| 300 |
_a250 pages ; _c22 cm |
||
| 336 |
_atext _2rdacontent |
||
| 337 |
_aunmediated _2rdamedia |
||
| 338 |
_avolume _2rdacarrier |
||
| 504 | _aIncludes bibliographical references. | ||
| 520 | _aCollection of essays on human development in Karnataka, India. | ||
| 546 | _aIn Kannada | ||
| 650 | 0 |
_aHuman capital _zIndia _zKarnataka. |
|
| 650 | 0 |
_aQuality of life _zIndia _zKarnataka. |
|
| 651 | 0 |
_aKarnataka (India) _xEconomic conditions. |
|
| 651 | 0 |
_aKarnataka (India) _xSocial conditions. |
|
| 710 | 2 |
_aKannada University. _bPrasaranga. |
|
| 906 |
_a7 _bcbc _corigode _d3 _encip _f20 _gy-gencatlg |
||
| 942 |
_2ddc _cIR |
||